000 00659nam a2200229 u 4500
005 20240316063903.0
008 170123s2007 es r 000 0 spa d
020 _a9788424119232
035 _aUPN01000215466
049 _aI
050 4 _aPZ8.1
_bA4.5
245 0 0 _aAlí babá y los cuarenta ladrones /
_cMyriam Sayalero ; il. Gustavo Mazali.
260 _aLeón, Esp. :
_bEverest,
_c2007.
300 _a16 p.
440 0 _aGirasol
650 2 _aCuentos de aventuras
_99134
650 0 _aAventuras y aventureros
_94121
650 0 _aCuentos árabes
_911065
700 1 _aSayalero, Myriam,
_eadap.
_940098
905 _aInfantil
999 _c187566
_d187566